000 00266nam a2200109 a 4500
005 20201002034254.0
008 130904s2008 000 spa d
020 _a9788437624587
245 0 _aHistoria de Iberoamérica.
260 _aMadrid,
_c2008.
999 _c40131
_d40131
040 _aDO-SdBNP